Roblox General Quiz #1 - Statistics

General Stats
  • This quiz has been taken 854 times
    275 since last reset
  • The average score is 10 of 25
Answer Stats
Question Answer % Correct
What device do you need to make a Roblox game? PC
81%
Owner of Roblox? David Baszucki
78%
Most popular role playing game? Brookhaven
75%
How much is 10,000 robux worth? $100
64%
When did Roblox remove Tix? 2016
58%
What age do you need to be for Roblox VC 13+
53%
When did Roblox introduce the /e dance? 2013
53%
What is the Roblox news called? Bloxy News
51%
How many devices can you play Roblox on? 4
41%
Who is the most subscribed English speaking MAIN roblox YouTuber KreekCraft
39%
What year was Brookhaven created? 2020
35%
What year did the infamous April fools hacking incident happen? 2012
33%
What was the first real game released on Roblox? Rocket Arena
32%
How many users play Roblox a day? 148 Million players
31%
How many years does a event have to be old for it to be banned on Roblox? 2 years
31%
Most popular game by players at one time Steal a Brainrot
29%
When did Adopt me introduce pets? 2019
28%
Most popular war game? War Tycoon
27%
How many pet sims are there? 5
21%
What code does Roblox use? LUAU
20%
What rating is On Tap? 18+
19%
When did Blox Fruits reach 1 billion visits? 2021
15%
What is the RIA? Awards to games
15%
Most popular game (as of March 12th 2026) Brookhaven
12%
Am I tuff? No
11%
No matching quizzes found
Score Distribution
Percent of People with Each Score
Percentile by Number Answered
Your Score History
You have not taken this quiz since the last reset